000
00483nam a2200181Ia 4500
008
090124s9999 xx 000 0 und d
082
_b
29270
100
_a
राजे शैलजा
245
_a
ललाट
250
_a
1
260
_b
नवचैतन्य प्रकाशन
_c
1990
300
_a
153
600
_a
राजे शैलजा
630
_a
ललाट
700
_a
राजे शैलजा
730
_a
ललाट
942
_c
BOOK
999
_c
94737
_d
94737